| 000 | 00352nam a22001457a 4500 | ||
|---|---|---|---|
| 008 | 250422b ||||| |||| 00| 0 eng d | ||
| 020 | _a9780631179061 | ||
| 041 | _aeng | ||
| 080 |
_21992 _a101HAL |
||
| 082 |
_2101HAL _a101HAL |
||
| 100 | _a42 | ||
| 101 | _aFILOZOFI | ||
| 245 |
_aISAAC NEWTON ADVENTURER IN THOUGHT _cA.RUPERT HALL |
||
| 942 |
_2udc _cBK |
||
| 999 |
_c60673 _d60673 |
||